• 首页
  • 本馆介绍
  • 公告通知
  • 最新文献
  • 馆藏检索
  • 电子资源
  • 读者导购
  • 参考咨询
  • 我的图书馆
  • 登录
  • 详细信息显示
  • 放入我的书架
  • 预约/预借图书
  • 作者相关作品
  • 分类相关作品
  • 丛书相关作品
  • 出版社相关作品

书目信息

  • 表格格式
  • 工作单格式
  • 卡片格式
题名:
语言政策与语言规划
    
 
作者: 赖特 著 ;陈新仁 译
分册:  
出版信息: 北京   商务印书馆  2012
页数: 311页
开本: 24cm
丛书名: 语言规划经典译丛
单 册:
中图分类: H002
科图分类:
主题词: 语言规划 , 语言规划--研究 , 语言政策--研究 , 语言政策
电子资源:
ISBN: 978-7-100-08851-0
000 01219oam2 2200313 45
001 1360069812
005 20130530092812.89
010    @a978-7-100-08851-0@dCNY45.00
100    @a20130513d2012 em y0chiy50 ea
101 1  @achi@ceng
102    @aCN@b110000
105    @ay z 001yy
106    @ar
200 1  @a语言政策与语言规划@AYu Yan Zheng Ce Yu Yu Yan Gui Hua@e从民族主义到全球化@ECong Min Zu Zhu Yi Dao Quan Qiu Hua@f(英)苏·赖特著@F( Ying ) Su· Lai Te Zhu@g陈新仁译
210    @a北京@c商务印书馆@d2012
215    @a311页@d24cm
225 2  @a语言规划经典译丛@f徐大明主编
330    @a本书分为三部分,第一部分回顾了标准语在全国性社区和身份认同构建过程中的形成和作用;第二部分考察了社团接触过程中的语言顺应问题、主要通用语以及“国际英语”个案;第三部分探讨了民族主义和全球化引发的各种反应。
461  0 @12001 @a语言规划经典译丛
517 1  @a从民族主义到全球化@ACong Min Zu Zhu Yi Dao Quan Qiu Hua
606 0  @a语言规划
606 0  @a语言规划@x研究
606 0  @a语言政策@x研究
606 0  @a语言政策
690    @aH002@v5
701  0 @c(英)@a赖特@ALai Te@c(Wright, Sue)@4著
702  0 @a陈新仁@AChen Xin Ren@f(1967~)@4译
801    @aCN@bTANGWEI@c20130522
905    @b0833760-63@dH002@e206@f4
    
    语言政策与语言规划:从民族主义到全球化/(英)苏·赖特著/陈新仁译.-北京:商务印书馆,2012
    311页;24cm.-(语言规划经典译丛/徐大明主编)
    
    
    ISBN 978-7-100-08851-0:CNY45.00
    本书分为三部分,第一部分回顾了标准语在全国性社区和身份认同构建过程中的形成和作用;第二部分考察了社团接触过程中的语言顺应问题、主要通用语以及“国际英语”个案;第三部分探讨了民族主义和全球化引发的各种反应。
●
相关链接 在E读中查询图书 在五车中查询图书 在当当中查询图书 在豆瓣中查询图书


正题名:语言政策与语言规划     索取号:H002/206         预约/预借

序号 登录号 条形码 馆藏地/架位号 状态 备注
1 0833760   208337600   第二样本阅览室/ [索取号:H002/206] 在馆    
2 0833761   208337619   密集书库-文学院/ [索取号:H002/206] 在馆    
3 0833762   208337628   第四借阅区/ [索取号:H002/206] 在馆    
4 0833763   208337637   第四借阅区/ [索取号:H002/206] 在馆    
唐山师范学院图书馆 欢迎您!
大连网信软件有限公司© 版权所有